LEADER 00865cam0-2200301---450- 001 990004015380403321 005 20140617101217.0 035 $a000401538 035 $aFED01000401538 035 $a(Aleph)000401538FED01 035 $a000401538 100 $a19990604d1983----km-y0itay50------ba 101 0 $afre 102 $aIT 105 $a--------001zy 200 1 $aScritti francesi$fF. T. Marinetti$gintroduzione testo e note a cura di Pasquale A. Jannini 210 $aMilano$cMondadori$d1983 215 $av.$d20 cm 676 $a841.912 700 1$aMarinetti,$bFilippo Tommaso$f<1876-1944>$0319697 702 1$aJannini,$bPasquale A. 801 0$aIT$bUNINA$gRICA$2UNIMARC 901 $aBK 912 $a990004015380403321 952 $a858.912 MARI 3(1;1)$bDip.f.m.128$fFLFBC 959 $aFLFBC 996 $aScritti francesi$9149996 997 $aUNINA LEADER 05523oam 2200721I 450 001 9910459834103321 005 20200520144314.0 010 $a1-135-24508-8 010 $a1-283-10233-1 010 $a9786613102331 010 $a1-135-24509-6 010 $a0-203-86817-X 024 7 $a10.4324/9780203868171 035 $a(CKB)2670000000082004 035 $a(EBL)668814 035 $a(OCoLC)714158435 035 $a(SSID)ssj0000470909 035 $a(PQKBManifestationID)12231171 035 $a(PQKBTitleCode)TC0000470909 035 $a(PQKBWorkID)10416693 035 $a(PQKB)10380809 035 $a(MiAaPQ)EBC668814 035 $a(Au-PeEL)EBL668814 035 $a(CaPaEBR)ebr10462775 035 $a(CaONFJC)MIL310233 035 $a(EXLCZ)992670000000082004 100 $a20180706d2011 uy 0 101 0 $aeng 135 $aur|n|---||||| 181 $ctxt 182 $cc 183 $acr 200 10$aLife cycle assessment in the built environment /$fRobert H. Crawford 210 1$aLondon ;$aNew York :$cSpon Press,$d2011. 215 $a1 online resource (273 p.) 300 $aDescription based upon print version of record. 311 $a0-415-55795-X 320 $aIncludes bibliographical references and index. 327 $aLife Cycle Assessment in the Built Environment; Copyright; Contents; List of figures; List of tables; Foreword; Preface; Acknowledgements; Abbreviations; 1 Global environmental issues and the built environment; 1.1 Global warming and climate change; 1.2 Pollution; 1.3 Resource depletion; 1.4 Production and disposal of waste; 1.5 The built environment; 1.5.1 The built environment life cycle and its related environmental impacts; 1.5.1.1 Raw material extraction; 1.5.1.2 Manufacturing; 1.5.1.3 Construction; 1.5.1.4 Operation and maintenance 327 $a1.5.1.5 End-of-life (demolition, disposal, reuse and recycling)1.6 Summary; 2 Towards a sustainable built environment; 2.1 Minimizing the environmental impact of the built environment; 2.2 Designing for the environment: strategies for a sustainable built environment; 2.2.1 Resource efficiency; 2.2.2 Minimizing non-renewable resource consumption; 2.2.3 Minimizing pollution; 2.2.4 Designing for disassembly; 2.2.5 Minimizing solid waste production; 2.2.6 Designing for recyclability; 2.2.7 Designing for durability; 2.2.8 Designing for adaptive reuse 327 $a2.3 An integrated approach to environmental design2.4 Environmental assessment: an essential component of environmental design; 2.5 Origins and historical perspective of environmental assessment; 2.6 Environmental assessment in the twenty-first century; 2.7 Approaches to environmental assessment; 2.7.1 Assessment tools; 2.7.2 Simulation tools; 2.7.3 Checklists and guidelines; 2.8 Summary; 3 Life cycle assessment; 3.1 What is life cycle assessment?; 3.1.1 Life cycle assessment framework; 3.1.2 An iterative approach; 3.2 Types of life cycle assessment; 3.2.1 Baseline life cycle assessment 327 $a3.2.2 Comparative life cycle assessment3.2.3 Streamlined life cycle assessment; 3.3 The four phases of life cycle assessment; 3.3.1 Goal and scope definition; 3.3.1.1 Goals; 3.3.1.2 Scope; 3.3.1.3 Functional unit; 3.3.1.4 System boundaries; 3.3.1.5 Data quality and scope; 3.3.2 Life cycle inventory analysis; 3.3.2.1 Data types; 3.3.2.2 Quantifying inputs and outputs; 3.3.3 Life cycle impact assessment; 3.3.3.1 Selection and definition of impact categories; 3.3.3.2 Classification; 3.3.3.3 Characterization; 3.3.3.4 Normalization, grouping and weighting; 3.3.3.5 Data quality analysis 327 $a3.3.4 Interpretation3.3.4.1 Identification of significant issues; 3.3.4.2 Evaluation of results - completeness, consistency and sensitivity; 3.3.4.3 Conclusions, limitations and recommendations; 3.4 How can life cycle assessment be used?; 3.4.1 Environmental improvement; 3.4.2 Strategic planning; 3.4.3 Public policy making; 3.4.4 Marketing and eco-labelling; 3.5 International LCA standard - ISO 14040 series; 3.6 Limitations of life cycle assessment; 3.6.1 Lack of knowledge and awareness; 3.6.2 Methodological gaps; 3.6.3 Geographic issues 327 $a3.6.4 Availability and quality of life cycle inventory data 330 $aLife cycle assessment enables the identification of a broad range of potential environmental impacts occurring across the entire life of a product, from its design through to its eventual disposal or reuse. The need for life cycle assessment to inform environmental design within the built environment is critical, due to the complex range of materials and processes required to construct and manage our buildings and infrastructure systems.After outlining the framework for life cycle assessment, this book uses a range of case studies to demonstrate the innovative input-output-based hybr 606 $aBuilding materials$xService life 606 $aBuildings$xEnvironmental aspects 606 $aBuilding materials$xRecycling 606 $aProduct life cycle 608 $aElectronic books. 615 0$aBuilding materials$xService life. 615 0$aBuildings$xEnvironmental aspects. 615 0$aBuilding materials$xRecycling. 615 0$aProduct life cycle. 676 $a624.1/8 700 $aCrawford$b Robert$f1978-,$0930401 801 0$bMiAaPQ 801 1$bMiAaPQ 801 2$bMiAaPQ 906 $aBOOK 912 $a9910459834103321 996 $aLife cycle assessment in the built environment$92092816 997 $aUNINA LEADER 01694oam 2200517 a 450 001 9910701863403321 005 20120601123840.0 035 $a(CKB)5470000002421473 035 $a(OCoLC)794596199 035 $a(EXLCZ)995470000002421473 100 $a20120601d1992 ua 0 101 0 $aeng 135 $aurbn||||||||| 181 $ctxt$2rdacontent 182 $cc$2rdamedia 183 $acr$2rdacarrier 200 00$aFinal report for a telerobotic digital controller system$b[electronic resource] 210 1$aDallas, Tex. :$cNavtrol Company ;$aGreenbelt, MD :$cNASA Goddard Space Flight Center,$d[1992] 215 $a1 online resource (159 unnumbered pages) $cillustrations 225 1 $a[NASA contractor report] ;$vNASA CR-191799 300 $aTitle from title screen (viewed on June 1, 2012). 300 $a"September 30, 1992." 517 3 $aTelerobotic digital controller system 606 $aControl systems design$2nasat 606 $aControllers$2nasat 606 $aDigital systems$2nasat 606 $aPointing control systems$2nasat 606 $aRobot control$2nasat 606 $aServocontrol$2nasat 606 $aTelerobotics$2nasat 615 7$aControl systems design. 615 7$aControllers. 615 7$aDigital systems. 615 7$aPointing control systems. 615 7$aRobot control. 615 7$aServocontrol. 615 7$aTelerobotics. 712 02$aNavtrol Company. 712 02$aGoddard Space Flight Center. 801 0$bGPO 801 1$bGPO 801 2$bGPO 906 $aBOOK 912 $a9910701863403321 996 $aFinal report for a telerobotic digital controller system$93139369 997 $aUNINA